| 000 | 00747nam a2200229 a 4500 | ||
|---|---|---|---|
| 001 | BRL_493 | ||
| 005 | 20190320210753.0 | ||
| 008 | 210813s1959----gw-abo####---#000-0#ger-# | ||
| 041 | _ager | ||
| 044 | _agw | ||
| 050 | 4 |
_aN5305 _b.K86 10 1959 |
|
| 100 | 1 |
_aA. Wagner, Frits _924095 |
|
| 245 | 1 | 0 |
_aIndonesien _bDie kunst eines inselreiches _cvon Frits A. Wagner |
| 260 |
_aGermany _bHolle-Verlag Baden-Baden _c1959 |
||
| 300 |
_a259 p. _b61 il. algunas a color) _c23 cm. |
||
| 440 | 0 |
_aKunst der Welt; ihre geschichtlichen, soziologischen und religiösen Grundlagen _pDie aussereuropäischen Kulturen _v10 _924096 |
|
| 500 | _aAu519 | ||
| 500 | _aBibliografía: p.247-249. | ||
| 650 | 1 | 4 |
_aArte _zIndonesia _924097 |
| 902 | _aGRL | ||
| 942 |
_2lcc _cB |
||
| 999 |
_c9305 _d9305 |
||